000 00332nam a22001457a 4500
008 221107b ||||| |||| 00| 0 eng d
020 _a2740364713298
041 _aeng
080 _22740364713298
_a612
082 _a612.39
100 _a16.2
101 _aNUT
245 _aUNDERSTANDING NUTRITION
_cWHITNEY R
942 _2udc
_cBK
999 _c58765
_d58765